000
00267nam a2200121Ia 4500
008
191201s2004 xx 000 0 und d
100
_a
RAJ, Prriya
245
0
_a
Corporate Cartoons
260
_a
N.Delhi
_b
ORP
_c
2004
300
_a
96
650
_a
MBA
942
_2
ddc
_c
BK
999
_c
2894
_d
2894